Pays par PIB - Statistiques

Statistiques générales
  • Ce quiz a été pris 519 fois
  • Le résultat moyen est 18 sur 20
Statistiques - réponses
PIB en Milliards $ Rang Continent Pays % Correct
2 326 8 Amérique Canada
99%
21 643 2 Asie Chine
99%
26 185 1 Amérique Etats-Unis
99%
2 806 7 Europe France
98%
1 476 15 Amérique Mexique
97%
4 120 4 Europe Allemagne
96%
1 787 14 Océanie Australie
96%
1 421 16 Europe Espagne
96%
4 365 3 Asie Japon
96%
2 136 9 Asie/Europe Russie
96%
2 059 10 Amérique Brésil
95%
3 479 6 Europe Royaume-Uni
95%
3 820 5 Asie Inde
94%
1 991 12 Europe Italie
94%
941 20 Asie/Europe Turquie
90%
1 792 13 Asie Corée du Sud
88%
1 388 17 Asie Indonésie
80%
1 019 18 Europe Pays-Bas
77%
996 19 Asie Arabie Saoudite
76%
2 044 11 Asie Iran
65%
Aucun quiz correspondant
Distribution des résultats
% des personnes avec chaque résultat
Percentile par nombre de réponses
Votre historique - résultats
Vous n’avez pas pris ce quiz